| Tag |
First Indicator |
Second Indicator |
Subfields |
| LEADER |
00000cam a2200000 a 4500 |
| 001 |
in00000014848 |
| 005 |
20151007052913.0 |
| 008 |
870921s1988 nyu b 00100 eng |
| 010 |
|
|
|a 87018152
|
| 020 |
|
|
|a 0807728802 :
|c $24.95
|
| 035 |
|
|
|a (OCoLC)16805426
|
| 035 |
|
|
|9 AAA9646AM
|
| 040 |
|
|
|a DLC
|c DLC
|d TXA
|d UtOrBLW
|
| 043 |
|
|
|a n-us---
|
| 049 |
|
|
|a TXAM
|c [A11063018]
|
| 050 |
0 |
0 |
|a LC1085.2
|b .A48 1988
|
| 082 |
0 |
|
|a 370.19/31
|2 19
|
| 245 |
0 |
0 |
|a American business and the public school :
|b case studies of corporate involvement in public education /
|c Marsha Levine, Roberta Trachtman, editors.
|
| 264 |
|
1 |
|a New York, NY :
|b Teachers College Press,
|c [1988]
|
| 264 |
|
4 |
|c ©1988
|
| 300 |
|
|
|a xxiii, 278 pages ;
|c 24 cm.
|
| 336 |
|
|
|a text
|b txt
|2 rdacontent
|
| 337 |
|
|
|a unmediated
|b n
|2 rdamedia
|
| 338 |
|
|
|a volume
|b nc
|2 rdacarrier
|
| 500 |
|
|
|a "A Committee for Economic Development publication."
|
| 504 |
|
|
|a Bibliography: pages 252-265.
|
| 500 |
|
|
|a Includes index.
|
| 650 |
|
0 |
|a Business and education
|z United States
|x Case studies.
|
| 650 |
|
0 |
|a Public schools
|z United States
|x Case studies.
|
| 650 |
|
0 |
|a Interorganizational relations
|z United States
|x Case studies.
|
| 650 |
|
0 |
|a Education, Cooperative
|z United States
|x Case studies.
|
| 700 |
1 |
|
|a Levine, Marsha.
|
| 700 |
1 |
|
|a Trachtman, Roberta.
|
| 710 |
2 |
|
|a Committee for Economic Development.
|
| 999 |
|
|
|a MARS
|
| 999 |
f |
f |
|s 0e1468f7-d877-3a94-baf4-1aa9b854a556
|i d8bee1f9-bd5c-3449-8c74-26d99c2fa4b0
|t 0
|
| 952 |
f |
f |
|p ric
|a Texas A&M University
|b Rellis Campus
|c Joint Library Facility
|s JLF
|d Remote Storage
|t 0
|e LC1085.2 .A48 1988
|h Library of Congress classification
|i unmediated -- volume
|m A14815376544
|
| 998 |
f |
f |
|a LC1085.2 .A48 1988
|t 0
|l Remote Storage
|